[Event "FRA-chT2 South 0708"]
[Site "France"]
[Date "2007.11.24"]
[Round "2.7"]
[White "Buscara, Sevan"]
[Black "Garrel, Pascal"]
[Result "1-0"]
[WhiteElo "2111"]
[BlackElo "1772"]
[PlyCount "57"]
[EventDate "2007.10.21"]
[EventType "team"]
[EventRounds "11"]
[EventCountry "FRA"]
[SourceTitle "EXT 2009"]
[Source "ChessBase"]
[SourceDate "2008.11.26"]
[SourceVersion "1"]
[SourceVersionDate "2008.11.26"]
[SourceQuality "1"]
[WhiteTeam "Montpellier II"]
[BlackTeam "Tournefeuille"]
[WhiteTeamCountry "FRA"]
[BlackTeamCountry "FRA"]

1. d4 d6 2. e4 Nf6 3. Nc3 Nbd7 4. f4 e5 5. Nf3 exd4 6. Qxd4 Be7 7. Bc4 0-0 8. Be3 c6 9. Bb3 b5 10. a3 a5 11. Ng5 c5 12. Qd1 Ba6 13. Ne2 c4 14. Ba2 h6 15. h4 hxg5 16. hxg5 Nxe4 17. Nc3 Nxg5 18. Qh5 f6 19. fxg5 fxg5 20. 0-0-0 Nf6 21. Qxg5 d5 22. Qf5 Bc8 23. Qg6 b4 24. Nxd5 Nxd5 25. Qh7+ Kf7 26. Qh5+ Kg8 27. Rxd5 Qc7 28. Rc5 Bxc5 29. Bxc4+ 1-0

[Event "FRA-chT2 South 0607"]
[Site "France"]
[Date "2007.03.17"]
[Round "8.7"]
[White "Garrel, Pascal"]
[Black "Gandolphe, Francois"]
[Result "0-1"]
[WhiteElo "1693"]
[BlackElo "2056"]
[PlyCount "60"]
[EventDate "2006.10.15"]
[EventType "team"]
[EventRounds "11"]
[EventCountry "FRA"]
[SourceTitle "EXT 2008"]
[Source "ChessBase"]
[SourceDate "2007.11.25"]
[SourceVersion "1"]
[SourceVersionDate "2007.11.25"]
[SourceQuality "1"]
[WhiteTeam "Tournefeuille"]
[BlackTeam "Grasse"]
[WhiteTeamCountry "FRA"]
[BlackTeamCountry "FRA"]

1. d4 d5 2. c4 e6 3. Nc3 Nf6 4. Bg5 Nbd7 5. Nf3 c6 6. e3 Be7 7. cxd5 exd5 8. Bd3 0-0 9. 0-0 Re8 10. Rc1 Nf8 11. Qb3 Ng6 12. Bxg6 hxg6 13. Na4 Ne4 14. Bxe7 Qxe7 15. Nc5 Nxc5 16. dxc5 Bf5 17. Nd4 Rab8 18. Nxf5 gxf5 19. Qa4 a6 20. Rfd1 Qg5 21. g3 Re4 22. Qa5 Rbe8 23. Qc7 R8e7 24. Qd6 Kh7 25. Rc3 Qg4 26. Rcd3 Qf3 27. Rd4 f4 28. gxf4 R7e6 29. Qc7 Rg6+ 30. Kf1 Rxe3 0-1

[Event "FRA-chT2C 0506"]
[Site "France"]
[Date "2006.04.01"]
[Round "10.6"]
[White "Comte, Frederic"]
[Black "Garrel, Pascal"]
[Result "1-0"]
[WhiteElo "2185"]
[BlackElo "1730"]
[PlyCount "61"]
[EventDate "2005.10.27"]
[EventType "team"]
[EventRounds "11"]
[EventCountry "FRA"]
[SourceTitle "EXT 2006"]
[Source "ChessBase"]
[SourceDate "2005.11.24"]
[SourceVersion "1"]
[SourceVersionDate "2005.11.24"]
[SourceQuality "1"]

1. e4 c5 2. Nf3 d6 3. Bb5+ Bd7 4. Bxd7+ Qxd7 5. 0-0 Nc6 6. c3 g6 7. d4 cxd4 8. cxd4 Bg7 9. Nc3 Nf6 10. Re1 0-0 11. h3 Ne8 12. Be3 Nc7 13. d5 Ne5 14. Nxe5 Bxe5 15. f4 Bg7 16. Qd3 f5 17. Bd4 Bxd4+ 18. Qxd4 a6 19. e5 Rad8 20. e6 Qe8 21. Qb6 Nb5 22. Qxb7 Nxc3 23. bxc3 Rc8 24. Rec1 a5 25. c4 Qd8 26. Rab1 Rb8 27. Qxb8 Qxb8 28. Rxb8 Rxb8 29. c5 Rc8 30. c6 Rc7 31. Rb1 1-0